Elaboración de un formato único de datos del Laboratorio de Ingeniería sísmica usando programas de computación
Gorde:
| Egile nagusia: | |
|---|---|
| Formatua: | Liburua |
| Hizkuntza: | Spanish |
| Argitaratua: |
[San José, Costa Rica] : Universidad de Costa Rica, Facultad de Ingeniería, Instituto de Investigaciones en Ingeniería, Laboratorio de Ingeniería Sísmica
2005
|
| Etiketak: |
Etiketa erantsi
Etiketarik gabe, Izan zaitez lehena erregistro honi etiketa jartzen!
|
MARC
| LEADER | 00000nam a2200000Ia 4500 | ||
|---|---|---|---|
| 003 | PI0143 | ||
| 005 | 20240509135422.0 | ||
| 008 | 140114s2005 cr a 000 ||spa d | ||
| 040 | |c cru CEDI | ||
| 100 | |a Moya Fernández, César Aarón, 1971- |9 1741 | ||
| 245 | |a Elaboración de un formato único de datos del Laboratorio de Ingeniería sísmica usando programas de computación | ||
| 260 | |b [San José, Costa Rica] : Universidad de Costa Rica, Facultad de Ingeniería, Instituto de Investigaciones en Ingeniería, Laboratorio de Ingeniería Sísmica |c 2005 | ||
| 500 | |a Informe Final No. 731-A5-159 | ||
| 942 | |c PI |h PI-143 |i PI0143 |6 PI_143_PI0143 | ||
| 999 | |c 12645 |d 12645 | ||
